000 00604nam a2200241Ia 4500
003 OSt
005 20220924143317.0
006 a|||||r|||| 00| 0
007 ta
008 220923b |||||||| |||| 00| 0 urd d
024 _a307710
037 _cTextual
040 _aARTS
_cARTS
_burd
041 _2urd
_aurd
082 _aAwJ92, 168M3
100 _aFranchic Kozek
_9215388
245 0 _aJan ames cheminees
260 _c1983
650 _aSCIENCE
700 _a Tonki Tr.
_9215389
942 _hAwJ92, 168M3
_cTEXL
_2CC
999 _c454032
_d454032